00000000nam##2200000za#4500
0019.698439
003CaOODSP
00520210624235928
007cr |||||||||||
008150407|1997||||xxc|||||o    f|0| 0 eng|d
040 |aCaOODSP|beng
043 |an-cn---
0861 |aE100-2/4-96-1904-03E-PDF
1102 |aNAFTA Secretariat.
24510|aReview of the final antidumping duty determination in the matter of hot rolled steel sheet originating in and exported from Canada : |h[electronic resource]|bfinal decision (courtesy translation)
260 |aOttawa - Ontario : |bNAFTA Secretariat |cJune 16, 1997.
300 |a47p.|breferences
590 |a13-21-Supp|b2013-09-16
69007|aAnti-dumping|2gcpds
69007|aArbitration|2gcpds
69007|aFree trade|2gcpds
69007|aSteel|2gcpds
77508|tRévision de la décision définitive de l'enquête antidumping sur les importations d'acier laminé à chaud originaires et en provenance du Canada : |w(CaOODSP)9.642446
85640|ahttp://publications.gc.ca|qPDF|s117 KB|uhttps://publications.gc.ca/collections/Collection/E100-2-4-96-1904-03E.pdf
986 |aMEX-96-1904-03